|
|
|
|
| LEADER |
02306nas a2200565 i 4500 |
| 001 |
001855001 |
| 003 |
CZ PrNK |
| 005 |
20230413130630.0 |
| 008 |
220222c20229999xr ar cze |
| 015 |
|
|
|a cnb003397778
|
| 040 |
|
|
|a BOA001
|b cze
|e rda
|
| 043 |
|
|
|a e-xr---
|
| 072 |
|
7 |
|a 614
|x Veřejné zdraví a hygiena
|2 Konspekt
|9 14
|
| 080 |
|
|
|a 614.2
|2 MRF
|
| 080 |
|
|
|a 616-083
|2 MRF
|
| 080 |
|
|
|a 37.0-022.324
|2 MRF
|
| 080 |
|
|
|a (437.3)
|2 MRF
|
| 080 |
|
|
|a (036)
|2 MRF
|
| 080 |
|
|
|a (0.034.44)
|2 MRF
|
| 110 |
2 |
|
|a Národní centrum ošetřovatelství a nelékařských zdravotnických oborů
|7 kn20030724009
|4 isb
|
| 245 |
1 |
0 |
|a Nabídka vzdělávacích akcí ... /
|c NCO+NZO
|
| 246 |
3 |
|
|a Národní centrum ošetřovatelství a nelékařských zdravotnických oborů - nabídka vzdělávacích akcí na rok ...
|
| 246 |
3 |
|
|a NCO+NZO
|
| 264 |
|
1 |
|a Brno :
|b Národní centrum ošetřovatelství a nelékařských zdravotnických oborů v Brně,
|c [2022]-
|
| 300 |
|
|
|a 1 online zdroj ;
|c 12 cm
|
| 336 |
|
|
|a text
|b txt
|2 rdacontent
|
| 337 |
|
|
|a počítač
|b c
|2 rdamedia
|
| 338 |
|
|
|a počítačový disk
|b cd
|2 rdacarrier
|
| 347 |
|
|
|a textový soubor
|b PDF
|2 rda
|
| 500 |
|
|
|a Název z titulní stránky
|
| 541 |
|
|
|c pv-cdr-r
|
| 650 |
0 |
7 |
|a zdravotnictví
|7 ph127574
|2 czenas
|
| 650 |
0 |
7 |
|a ošetřovatelství
|7 ph123893
|2 czenas
|
| 650 |
0 |
7 |
|a celoživotní vzdělávání
|7 ph119091
|z Česko
|2 czenas
|
| 650 |
0 |
9 |
|a medicine
|2 eczenas
|
| 650 |
0 |
9 |
|a nursing
|2 eczenas
|
| 650 |
0 |
9 |
|a permanent education
|z Czechia
|2 eczenas
|
| 655 |
|
7 |
|a informační publikace
|7 fd132454
|2 czenas
|
| 655 |
|
7 |
|a CD-ROM
|7 fd133955
|2 czenas
|
| 655 |
|
9 |
|a information publications
|2 eczenas
|
| 655 |
|
9 |
|a CD-ROM
|2 eczenas
|
| 710 |
2 |
2 |
|a Národní centrum ošetřovatelství a nelékařských zdravotnických oborů
|7 kn20030724009
|
| 902 |
|
|
|a 978-80-7013-610-2
|q (2022)
|
| 902 |
|
|
|a 978-80-7013-616-4
|q (2023)
|
| 910 |
|
|
|a BOA001
|b CDR-1497.135
|s 2022-2023-
|
| 990 |
|
|
|a BK
|
| 995 |
|
|
|a 01
|
| 991 |
|
|
|b 202304
|
| 996 |
3 |
|
|b 2610935312
|c CDR-1497.135
|d 2022
|v 2022
|y 2022
|l Stud. periodik/2.patro
|r Sklad / do 1 hodiny
|n 0
|p cdr-p.v.
|w 001922124
|u 000010
|a 1
|e BOA001
|j MZK50
|s N
|
| 996 |
3 |
|
|b 2610935313
|c CDR-1497.135
|d 2023
|v 2023
|y 2023
|l Stud. periodik/2.patro
|r Sklad / do 1 hodiny
|n 0
|p cdr-p.v.
|w 001922124
|u 000020
|a 1
|e BOA001
|j MZK50
|s N
|